Művészeti krónika Hindi Szabó Kata /

Elmentve itt :
Bibliográfiai részletek
Szerzők: R. A.
Hangay Sándor
Dokumentumtípus: Cikk
Megjelent: 1911
Sorozat:Kultura [!Kultúra] : irodalmi, művészeti, kritikai képes havi folyóirat 2 No. 15
Kulcsszavak:Hindi Szabó Kata, Művészet
Online Access:http://misc.bibl.u-szeged.hu/1273
LEADER 00651nab a2200181 i 4500
001 misc1273
005 20191106143754.0
008 170607s1911 hu o 0|| hun d
040 |a SZTE Miscellanea Repozitórium  |b hun 
041 |a hun 
100 1 |a R. A. 
245 1 0 |a Művészeti krónika   |h [elektronikus dokumentum] :  |b Hindi Szabó Kata /  |c  R. A. 
260 |c 1911 
300 |a 661-665 
490 0 |a Kultura [!Kultúra] : irodalmi, művészeti, kritikai képes havi folyóirat  |v 2 No. 15 
695 |a Hindi Szabó Kata, Művészet 
700 0 1 |a Hangay Sándor  |e aut 
856 4 0 |u http://misc.bibl.u-szeged.hu/1273/1/kultura_002_015_661-665.pdf  |z Dokumentum-elérés